OPERATION CHAOS / (Record no. 204056)
[ view plain ]
| 000 -LEADER | |
|---|---|
| fixed length control field | 01217nam a2200349 ia4500 |
| 003 - CONTROL NUMBER IDENTIFIER | |
| control field | OSt |
| 005 - DATE AND TIME OF LATEST TRANSACTION | |
| control field | 20260428114852.0 |
| 008 - FIXED-LENGTH DATA ELEMENTS--GENERAL INFORMATION | |
| fixed length control field | 260428t20252024nyu crb 000 1 eng d |
| 020 ## - INTERNATIONAL STANDARD BOOK NUMBER | |
| International Standard Book Number | 9780593698761 |
| Terms of availability | RM 52.95 |
| Qualifying information | paperback |
| 040 ## - CATALOGING SOURCE | |
| Original cataloging agency | PPAK |
| Language of cataloging | eng |
| Transcribing agency | PPAK |
| Description conventions | rda |
| 082 04 - DEWEY DECIMAL CLASSIFICATION NUMBER | |
| Edition number | 23 |
| Classification number | 813.6 |
| 090 00 - LOCALLY ASSIGNED LC-TYPE CALL NUMBER (OCLC); LOCAL CALL NUMBER (RLIN) | |
| Classification number (OCLC) (R) ; Classification number, CALL (RLIN) (NR) | 813.6 |
| Feature heading | MCM |
| Feature heading | K |
| 100 1# - MAIN ENTRY--PERSONAL NAME | |
| Personal name | McMann, Lisa, |
| Relator term | author. |
| 245 10 - TITLE STATEMENT | |
| Title | OPERATION CHAOS / |
| Statement of responsibility, etc. | LISA McMANN |
| 264 #1 - PRODUCTION, PUBLICATION, DISTRIBUTION, MANUFACTURE, AND COPYRIGHT NOTICE | |
| Place of production, publication, distribution, manufacture | New York : |
| Name of producer, publisher, distributor, manufacturer | G.P. Putnam's Sons, |
| Date of production, publication, distribution, manufacture, or copyright notice | 2025 |
| Date of production, publication, distribution, manufacture, or copyright notice | ©2024 |
| 300 ## - PHYSICAL DESCRIPTION | |
| Extent | 310, 14 pages ; |
| Dimensions | 20 cm |
| 336 ## - CONTENT TYPE | |
| Content type term | text |
| Source | rdacontent |
| 337 ## - MEDIA TYPE | |
| Media type term | unmediated |
| Source | rdamedia |
| 338 ## - CARRIER TYPE | |
| Carrier type term | volume |
| Source | rdacarrier |
| 490 1# - SERIES STATEMENT | |
| Series statement | THE FORGOTTEN FIVE ; |
| International Standard Serial Number | 5 |
| 520 ## - SUMMARY, ETC. | |
| Summary, etc. | The Forgotten Five continue to fight the forces of corrupt President Fuerte in their battle to liberate the supernatural citizens of Estero"-- |
| Assigning source | Provided by publisher |
| 650 10 - SUBJECT ADDED ENTRY--TOPICAL TERM | |
| Topical term or geographic name entry element | Supernatural |
| Form subdivision | Juvenile fiction |
| Topical term or geographic name entry element | Ability |
| Form subdivision | Juvenile fiction |
| Topical term or geographic name entry element | Corruption |
| Form subdivision | Juvenile fiction |
| Topical term or geographic name entry element | Superheroes |
| Form subdivision | Juvenile fiction |
| 655 #7 - INDEX TERM--GENRE/FORM | |
| Genre/form data or focus term | Action and adventure fiction |
| Genre/form data or focus term | Paranormal fiction |
| Genre/form data or focus term | Superhero fiction |
| 830 #0 - SERIES ADDED ENTRY--UNIFORM TITLE | |
| Uniform title | The forgotten five ; |
| Volume/sequential designation | 5 |
| 942 ## - ADDED ENTRY ELEMENTS (KOHA) | |
| Source of classification or shelving scheme | Dewey Decimal Classification |
| Koha item type | Book |
No items available.